HAVAYA UÇAN AT (Record no. 687859)

MARC details
000 -LEADER
sabit uzunluktaki kontrol alanı 00239nam a2200097Ia 4500
001 - KONTROL NUMARASI
kontrol alanı 687859
005 - EN SON İŞLEMİN TARİH VE ZAMANI
kontrol alanı 20250826161604.0
008 - SABİT-UZUNLUKTA VERİ ÖĞELERİ--GENEL BİLGİ
sabit uzunluktaki kontrol alanı 250824s9999 xx 000 0 und d
245 #0 - ESER / YAZAR
ESER ADI HAVAYA UÇAN AT
Yazar Adı PEYAMİ SAFA
260 ## - YAYIN, DAĞITIM, VB.
YAYIN EVİ AKVARYUM YAYINLARI
Holdings
Düşüm durumu Kayıp durumu Hasar Durumu Ödünç verilmez Ana kütüphane Geçerli Kütüphane Edinilen tarih Toplam ödünç verme sayısı Barkod Son görüntüleme tarihi Fiyatın geçerli olmaya başladığı tarih Koha materyal türü
        KEMAL AKPINAR İMAM HATİP ORTAOKULU KEMAL AKPINAR İMAM HATİP ORTAOKULU 29.09.2025   1028939 26.08.2025 26.08.2025 Books